Enrico de Ossó : (Record n. 3330)

Dettagli MARC
000 -LEADER
fixed length control field 01089nam a2200289 i 4500
003 - CONTROL NUMBER IDENTIFIER
control field IT-RoINE
005 - DATE AND TIME OF LATEST TRANSACTION
control field 20150907072233.0
008 - FIXED-LENGTH DATA ELEMENTS--GENERAL INFORMATION
fixed length control field 031004s2001 it r 000 bbita d
020 ## - INTERNATIONAL STANDARD BOOK NUMBER
International Standard Book Number 8872291240
040 ## - CATALOGING SOURCE
Original cataloging agency PUG
Transcribing agency IT-RoINE
Modifying agency IT-RoINE
100 1# - MAIN ENTRY--PERSONAL NAME
9 (RLIN) 3199
Personal name González Martín, Marcelo,
Titles and other words associated with a name Cardenal,
Dates associated with a name 1918-2004
240 10 - UNIFORM TITLE
Uniform title Don Enrique de Ossó. La fuerza del sacerdozio.
Language of a work Italiano.
245 10 - TITLE STATEMENT
Title Enrico de Ossó :
Remainder of title la forza del sacerdozio /
Statement of responsibility, etc card. Marcelo González Martin ; versione dallo spagnolo di Leopoldo Ferrarotti.
246 24 - VARYING FORM OF TITLE
Title proper/short title San Enrico de Ossó :
Remainder of title la forza del sacerdozio.
260 ## - PUBLICATION, DISTRIBUTION, ETC. (IMPRINT)
Place of publication, distribution, etc Roma :
Name of publisher, distributor, etc Edizioni OCD,
Date of publication, distribution, etc 2001.
300 ## - PHYSICAL DESCRIPTION
Extent 613 p. ;
Dimensions 20 cm.
336 ## - CONTENT TYPE
Source rdacontent
Content type term text
337 ## - MEDIA TYPE
Source rdamedia
Media type term unmediated
338 ## - CARRIER TYPE
Source rdacarrier
Carrier type term volume
500 ## - GENERAL NOTE
General note Tit. orig.: Don Enrique de Ossó. La fuerza del sacerdozio.
500 ## - GENERAL NOTE
General note Incluye apéndice.
504 ## - BIBLIOGRAPHY, ETC. NOTE
Bibliography, etc Incluye bibliografía.
546 ## - LANGUAGE NOTE
Language note Texto original en español.
600 04 - SUBJECT ADDED ENTRY--PERSONAL NAME
9 (RLIN) 6194
Personal name Enrique de Ossó,
Titles and other words associated with a name Santo,
Dates associated with a name 1840-1896
General subdivision Biografía
700 1# - ADDED ENTRY--PERSONAL NAME
Personal name Ferrarotti, Leopoldo
9 (RLIN) 6686
942 ## - ADDED ENTRY ELEMENTS (KOHA)
Item type Monografías
Dati di copia
Withdrawn status Lost status Damaged status Not for loan Home library Current library Date acquired Total Checkouts Full call number Barcode Date last seen Price effective from Koha item type
        Iglesia Nacional Española en Roma Iglesia Nacional Española en Roma 24/04/2014   BIO 1355 3788 24/04/2014 24/04/2014 Monografías